000 00449nam a2200181Ia 4500
001 22553
005 20260414150839.0
008 260414t2010||||xx |||||||||||||| ||spa||
041 _aESP
082 _a621.382
_bL37
100 _aLee, Tony T.
_eAUT
245 0 _aPrinciples of broadband switching and networking
_b
260 _c2010
300 _axviii, 454 páginas :
_c24 cm.
650 _aTCA
654 _aCET
942 _cLIB
_dJUS
_fJUS
_2ddc
_n
999 _c22553
_d22553